[Event "Wch Seniors 08th"]
[Site "Grieskirchen"]
[Date "1998.11.19"]
[Round "9"]
[White "Gestrich, Wolfgang"]
[Black "Knoll, Rudolf"]
[Result "1-0"]
[WhiteElo "1604"]
[BlackElo "1529"]
[PlyCount "65"]
[EventDate "1998.11.08"]
[EventType "swiss"]
[EventRounds "11"]
[EventCountry "AUT"]
[SourceTitle "CBM 067 Extra"]
[Source "ChessBase"]
[SourceDate "1999.01.01"]
[SourceVersion "1"]
[SourceVersionDate "1999.01.01"]
[SourceQuality "1"]

1. c4 Nf6 2. Nc3 d5 3. cxd5 Nxd5 4. g3 Nxc3 5. bxc3 g6 6. Bg2 Bg7 7. Rb1 c6 8. Qb3 Qc7 9. d4 e6 10. Ba3 Nd7 11. e3 Bf8 12. Bxf8 Kxf8 13. Ne2 Rb8 14. Qa3+ c5 15. Qxa7 Kg7 16. Qa4 Nb6 17. Qb5 Nd5 18. Bxd5 exd5 19. Qxc5 Qxc5 20. dxc5 Bh3 21. Nf4 Bf5 22. Rb2 Rhd8 23. Ke2 g5 24. Nd3 f6 25. h4 g4 26. Rhb1 Be4 27. Rxb7+ Rxb7 28. Rxb7+ Kg6 29. Nf4+ Kh6 30. Rb6 Bf3+ 31. Kd2 Rf8 32. a4 Kg7 33. Ne6+ 1-0

[Event "Wch Seniors 08th"]
[Site "Grieskirchen"]
[Date "1998.11.16"]
[Round "7"]
[White "Naerr, Helmut"]
[Black "Knoll, Rudolf"]
[Result "1-0"]
[WhiteElo "1700"]
[BlackElo "1529"]
[PlyCount "187"]
[EventDate "1998.11.08"]
[EventType "swiss"]
[EventRounds "11"]
[EventCountry "AUT"]
[SourceTitle "CBM 067 Extra"]
[Source "ChessBase"]
[SourceDate "1999.01.01"]
[SourceVersion "1"]
[SourceVersionDate "1999.01.01"]
[SourceQuality "1"]

1. c4 Nf6 2. Nc3 e6 3. Nf3 Be7 4. d4 Bb4 5. Bg5 h6 6. Bh4 b6 7. Rc1 Bb7 8. e3 Be7 9. Bxf6 gxf6 10. g3 Bb4 11. a3 Be7 12. Bg2 c6 13. 0-0 Qc7 14. b4 d6 15. Qb3 Nd7 16. a4 a6 17. Rfd1 Qb8 18. d5 e5 19. Nh4 c5 20. b5 a5 21. e4 Kd8 22. Nf5 h5 23. h4 Bf8 24. Ne2 Bh6 25. Rc3 Bc8 26. Bh3 Bf8 27. Rdd3 Be7 28. Qd1 Nf8 29. Kh2 Ng6 30. Rf3 Kc7 31. Qf1 Bd7 32. Rcd3 Qg8 33. Nxe7 Nxe7 34. Bxd7 Kxd7 35. Qh3+ Kc7 36. Rxf6 Rh7 37. Nc3 Qg7 38. Rdf3 Rf8 39. Nd1 Ng8 40. R6f5 Nh6 41. Rg5 Qh8 42. Kh1 f6 43. Rxh5 Qg7 44. Ne3 Qf7 45. g4 Qg6 46. Nf5 Rhh8 47. Rxh6 Rxh6 48. Nxh6 Qxh6 49. g5 fxg5 50. Rxf8 Qxf8 51. hxg5 Qxf2 52. Qh7+ Kb8 53. Qf5 Qh4+ 54. Kg2 Qh5 55. Qf8+ Kb7 56. Qe7+ Kc8 57. Kg3 Qe2 58. Kh3 Qxe4 59. Qe8+ Kc7 60. Qc6+ Kd8 61. Qxd6+ Ke8 62. Qe6+ Kf8 63. g6 Qf3+ 64. Kh2 e4 65. Qf7+ Qxf7 66. gxf7 Kxf7 67. Kg3 Kf6 68. Kf4 e3 69. Kxe3 Ke5 70. Kf3 Kf5 71. Ke3 Ke5 72. Kf2 Kf5 73. Kf3 Ke5 74. Kg4 Kf6 75. Kf4 Ke7 76. Ke5 Kd7 77. Kf5 Ke7 78. Ke5 Kd7 79. Kf6 Kd6 80. Kf7 Kd7 81. Kf8 Kd8 82. Kg8 Ke8 83. Kh7 Kf7 84. Kh6 Kf6 85. Kh5 Ke5 86. Kh4 Kf6 87. Kg4 Ke5 88. Kg5 Kd6 89. Kf6 Kd7 90. Ke5 Ke7 91. d6+ Kd7 92. Kd5 Kc8 93. Kc6 Kd8 94. Kxb6 1-0